00370nam a2200109Ia 4500008004100000020001800041082001500059100007500074245005300149260004700202300001100249191014s9999 xx 000 0 und d a981-02-4031-7 a539.7bAMB aJan Ambjorn, Poul Henrik Damgaard, Kimmo Kainulainen, Kari Rummukainen 0aProceedings of Strongs and Electroweak Matter 98 aSingaporebWorld Scientific Company c1999 aXi,412